Introduction to forensic anthropology (Record no. 394439)

MARC details
000 -LEADER
fixed length control field 00573 a2200217 4500
005 - DATE & TIME
control field 20260127103805.0
008 - FIXED-LENGTH DATA ELEMENTS--GENERAL INFORMATION
fixed length control field 260122b |||||||| |||| 00| 0 eng d
020 ## - ISBN
International Standard Book Number 9781032255590
Price £ 76.99
040 ## - CATALOGING SOURCE
Original cataloging agency VIVEKANANDA LIBRARY
082 ## - DDC NUMBER
Classification number 363.2562
Book Number B999I(6)
100 ## - MAIN ENTRY--PERSONAL NAME
Personal name Byers, Steven N
245 ## - TITLE STATEMENT
Title Introduction to forensic anthropology
250 ## - EDITION STATEMENT
Edition statement 6th
260 ## - PUBLICATION, DISTRIBUTION, ETC. (IMPRINT)
Name of publisher, distributor, etc Routledge
Date of publication, distribution, etc 2023
Place of publication, distribution, etc New York
300 ## - PHYSICAL DESCRIPTION
Pages xvii, 448
650 ## - Subject
Subject Forensic Science
650 ## - Subject
Subject Physical Anthropology
650 ## - Subject
Subject Criminal Investigation
700 ## - Added Entry Personal Name
Added Entry Personal Name Jurarez, Chelsey A
942 ## - ADDED ENTRY ELEMENTS (KOHA)
Koha item type Books
Holdings
Withdrawn status Lost status Source of classification or shelving scheme Damaged status Not for loan Location (home branch) Sublocation or collection (holding branch) Shelving location Date acquired Koha issues (times borrowed) Koha full call number Accession No. Koha date last seen Koha item type
    Dewey Decimal Classification     VIVEKANANDA LIBRARY VIVEKANANDA LIBRARY Vivekananda Library 06/01/2026   363.2562 B999I(6) 444190 06/01/2026 Books
© Designed and Maintained by Vivekananda Library, MDU Rohtak